00418nam a2200145Ia 4500008004100000020001800041041000800059082001300067100001500080245009900095260002500194300000800219365001600227700002900243230718s9999 xx 000 0 und d a9780007342440 aeng a823bWIL aWilhelm M. aJames Cameron's Avatar:bA Confidential Report On The Biological And Social History Of Pandora c2009bHarper Collins a203 cRs.b699.00 aWilhelm M. & Mathison D.